000 00270nam a2200121Ia 4500
008 190216s9999||||xx |||||||||||||| ||und||
100 _aMohana Varma K L
245 0 _aYruthu Sandhi
260 _bPoorna Pubs Kozhikode
300 _a149
650 _aNovel
942 _cBK
999 _c27396
_d27396